[Event "EU-Cup 01st round of 16"]
[Site "Plovdiv"]
[Date "1975.??.??"]
[Round "1.1"]
[White "Peev, Peicho Chonev"]
[Black "Dvoretzky, Mark"]
[Result "0-1"]
[WhiteElo "2425"]
[BlackElo "2540"]
[PlyCount "108"]
[EventDate "1975.??.??"]
[EventType "team-match"]
[EventRounds "2"]
[EventCountry "BUL"]
[SourceTitle "EXT 2020"]
[Source "ChessBase"]
[SourceDate "2019.10.17"]
[SourceVersion "1"]
[SourceVersionDate "2019.10.17"]
[SourceQuality "1"]
[WhiteTeam "Plovdiv Lokomotiv"]
[BlackTeam "Burevestnik"]
[WhiteTeamCountry "BUL"]
[BlackTeamCountry "URS"]

1. d4 Nf6 2. c4 e6 3. Nf3 Bb4+ 4. Nbd2 c5 5. a3 Bxd2+ 6. Qxd2 cxd4 7. Nxd4 O-O
8. b4 d5 9. cxd5 Qxd5 10. Bb2 Rd8 11. e3 Bd7 12. Be2 Ba4 13. Nf3 Nbd7 14. Qxd5
Nxd5 15. O-O Rac8 16. Rac1 f6 17. Nd4 Kf7 18. g3 Ke7 19. e4 N5b6 20. f4 Rxc1
21. Rxc1 Rc8 22. Rxc8 Nxc8 23. Bc4 e5 24. Nf5+ Kf8 25. Be6 g6 26. Ne3 Nd6 27.
Bd5 Bc6 28. fxe5 Nxe5 29. Bxe5 fxe5 30. Kf2 Nxe4+ 31. Bxe4 Bxe4 32. Nc4 Ke7 33.
Ke3 Bh1 34. Nxe5 Ke6 35. Kd4 Kf5 36. b5 g5 37. a4 Bg2 38. a5 h5 39. b6 axb6 40.
axb6 h4 41. gxh4 gxh4 42. Nd3 Kg4 43. Nf2+ Kf3 44. Ne4 Bh1 45. Nd6 Kf4 46. Nc4
Kg4 47. Ne3+ Kh3 48. Nf5 Bc6 49. Ke3 Bd7 50. Nd6 Kxh2 51. Nxb7 Kg1 52. Na5 Bc8
53. Nc4 h3 54. Ne5 Kg2 0-1

[Event "URS-chT Republics 13th Group1"]
[Site "Riga"]
[Date "1975.07.??"]
[Round "1"]
[White "Gutman, Lev"]
[Black "Dvoretzky, Mark"]
[Result "0-1"]
[WhiteElo "2390"]
[BlackElo "2495"]
[PlyCount "58"]
[EventDate "1975.07.15"]
[EventType "team-tourn"]
[EventRounds "4"]
[EventCountry "URS"]
[SourceTitle "EXT 2020"]
[Source "ChessBase"]
[SourceDate "2019.10.17"]
[SourceVersion "1"]
[SourceVersionDate "2019.10.17"]
[SourceQuality "1"]
[WhiteTeam "Latvia"]
[BlackTeam "Moscow"]
[WhiteTeamCountry "LAT"]
[BlackTeamCountry "RUS"]

1. Nf3 Nf6 2. g3 g6 3. Bg2 Bg7 4. O-O O-O 5. c4 d6 6. d4 Nc6 7. Nc3 a6 8. d5
Na5 9. Nd2 c5 10. Rb1 Rb8 11. b4 cxb4 12. Rxb4 Qc7 13. Bb2 b6 14. Qa1 Nd7 15.
Nce4 Bxb2 16. Qxb2 Nb7 17. Rb1 Nbc5 18. Nxc5 Nxc5 19. Nb3 Bf5 20. Rc1 a5 21.
Nxc5 bxc5 22. Rb5 a4 23. Qd2 Rxb5 24. cxb5 Rb8 25. Rc4 Rxb5 26. Rh4 Rb1+ 27.
Bf1 h5 28. h3 Qb7 29. f3 Ra1 0-1

[Event "Karseladze Memorial"]
[Site "Kutaisi"]
[Date "1978.??.??"]
[Round "?"]
[White "Gufeld, Eduard"]
[Black "Dvoretzky, Mark"]
[Result "0-1"]
[WhiteElo "2525"]
[BlackElo "2525"]
[PlyCount "29"]
[EventDate "1978.??.??"]
[EventType "tourn"]
[EventRounds "13"]
[EventCountry "URS"]
[EventCategory "6"]
[SourceTitle "EXT 2002"]
[Source "ChessBase"]
[SourceDate "2001.11.25"]
[SourceVersion "1"]
[SourceVersionDate "2001.11.25"]
[SourceQuality "1"]

1. e4 c5 2. Nf3 e6 3. d4 cxd4 4. Nxd4 Nf6 5. Nc3 Nc6 6. Ndb5 d6 7. Bf4 e5 8.
Bg5 a6 9. Na3 b5 10. Nd5 Be7 11. Nxe7 Qxe7 12. c4 Nd4 13. Bd3 Qb7 14. f3 Be6
15. O-O 0-1

[Event "URS-chT Cup 10th"]
[Site "Ordzhonikidze"]
[Date "1978.05.??"]
[Round "3"]
[White "Kapengut, Albert Z"]
[Black "Dvoretzky, Mark"]
[Result "0-1"]
[WhiteElo "2465"]
[BlackElo "2525"]
[PlyCount "91"]
[EventDate "1978.05.05"]
[EventType "team-tourn"]
[EventRounds "7"]
[EventCountry "URS"]
[SourceTitle "EXT 2017"]
[Source "ChessBase"]
[SourceDate "2016.10.25"]
[SourceVersion "1"]
[SourceVersionDate "2016.10.25"]
[SourceQuality "1"]
[WhiteTeam "Spartak"]
[BlackTeam "Burevestnik"]
[WhiteTeamCountry "URS"]
[BlackTeamCountry "URS"]

1. e4 c5 2. Nf3 e6 3. d4 cxd4 4. Nxd4 Nf6 5. Nc3 Nc6 6. Nxc6 bxc6 7. e5 Nd5 8.
Ne4 Qc7 9. f4 Qb6 10. Bd3 Ba6 11. a3 f5 12. exf6 Nxf6 13. Nxf6+ gxf6 14. Qh5+
Kd8 15. Bd2 Bxd3 $146 ({RR} 15... Kc8 16. Bxa6+ Qxa6 17. Bc3 Qc4 18. Qe8+ Kb7
19. Qxd7+ Ka6 20. O-O-O e5 21. Qc7 Qxf4+ 22. Kb1 Qa4 23. Rd7 Qb5 24. Re1 Bc5
25. Re4 Rab8 26. Rb4 Bb6 27. Qd6 Qf1+ 28. Ka2 c5 29. Ra4+ Kb5 30. Rdxa7 {
Koch,B-Fuchs,R/Leipzig 1953/EXT 2002/1-0}) 16. Ba5 $1 Bxc2 17. Rf1 $5 {[%cal
Gf1f3,Gf3g3]} (17. Bxb6+ axb6 18. O-O) 17... f5 18. Bxb6+ axb6 19. Rf3 Kc7 20.
Rg3 Ra4 21. Qf3 Rc4 22. Rc1 $2 (22. b3 {[%csl Rc2,Rc4]} Rc5 23. Qe2 Be4 24. b4
$18) 22... Bd6 23. Qe2 Re4 24. Rxc2 Bxf4 25. Rg7 Bxh2 26. Qxe4 fxe4 27. Rd2 Bd6
28. Rd4 c5 29. Rxe4 Kc6 30. b3 h5 31. Rh4 b5 32. Ke2 Be5 33. Rg5 Bd4 34. Rhxh5
Ra8 35. Rh3 Rxa3 36. Rg8 e5 37. g4 Ra2+ 38. Kf3 Rf2+ 39. Kg3 Rb2 40. g5 Rxb3+
41. Kg4 Rxh3 42. Kxh3 Kd5 43. g6 e4 44. Rb8 b4 45. Kg4 Kc4 46. Kf4 0-1

[Event "Vilnius"]
[Site "Vilnius"]
[Date "1978.??.??"]
[Round "9"]
[White "Dvoretzky, Mark"]
[Black "Lebredo Zaragoitia, Gerardo"]
[Result "1-0"]
[WhiteElo "2525"]
[BlackElo "2385"]
[PlyCount "79"]
[EventDate "1978.07.11"]
[EventType "tourn"]
[EventRounds "15"]
[EventCountry "LTU"]
[EventCategory "9"]
[SourceTitle "MCD"]
[Source "ChessBase"]
[SourceDate "1999.07.01"]
[SourceVersion "1"]
[SourceVersionDate "1999.07.01"]
[SourceQuality "1"]

1. e4 c5 2. Nf3 e6 3. d3 d5 4. Nbd2 Nf6 5. g3 Be7 6. Bg2 b5 7. O-O Bb7 8. Qe2
O-O 9. e5 Nfd7 10. Re1 Nc6 11. h4 a5 12. Nf1 a4 13. a3 b4 14. Bf4 c4 15. dxc4
Ba6 16. Ne3 bxa3 17. bxa3 Rc8 18. Qd2 dxc4 19. Red1 Nb6 20. Qe2 Qc7 21. Ng5
Bxg5 22. hxg5 Ne7 23. Qh5 Bb7 24. Rd6 Nbd5 25. Nxd5 Bxd5 26. Bxd5 Nxd5 27. Qd1
Rfd8 28. Qd4 Re8 29. Rb1 Rb8 30. Rxb8 Rxb8 31. Kh2 Rc8 32. Ra6 Qd7 33. Bd2 g6
34. Bb4 Qb5 35. Ra5 Qc6 36. Rc5 Qb7 37. Qxc4 Rxc5 38. Bxc5 Qc6 39. Qd4 Qb5 40.
c4 1-0

[Event "EU-Cup 02nd round of 16"]
[Site "Budapest"]
[Date "1978.??.??"]
[Round "2.2"]
[White "Dvoretzky, Mark"]
[Black "Szilagyi, Gyorgy"]
[Result "1-0"]
[WhiteElo "2525"]
[BlackElo "2365"]
[PlyCount "47"]
[EventDate "1978.10.??"]
[EventType "team-match"]
[EventRounds "2"]
[EventCountry "HUN"]
[SourceTitle "EXT 2020"]
[Source "ChessBase"]
[SourceDate "2019.10.17"]
[SourceVersion "1"]
[SourceVersionDate "2019.10.17"]
[SourceQuality "1"]
[WhiteTeam "Burevestnik"]
[BlackTeam "Budapest Voros Meteor MTK"]
[WhiteTeamCountry "URS"]
[BlackTeamCountry "HUN"]

1. e4 c5 2. Nf3 d6 3. Bb5+ Bd7 4. Bxd7+ Nxd7 5. O-O Ngf6 6. Qe2 e6 7. b3 Be7 8.
Bb2 O-O 9. c4 a6 10. d4 cxd4 11. Nxd4 Re8 12. Nc3 Qa5 13. Rad1 Rad8 14. f4 Nf8
15. Kh1 Qh5 16. Qxh5 Nxh5 17. g3 Nf6 18. Kg2 d5 19. exd5 exd5 20. Nf5 Bc5 21.
cxd5 g6 22. Ne4 Rxe4 23. Bxf6 gxf5 24. Bxd8 1-0

[Event "Tbilisi Team"]
[Site "Tbilisi"]
[Date "1979.03.??"]
[Round "?"]
[White "Dvoretzky, Mark"]
[Black "Ubilava, Elizbar"]
[Result "1-0"]
[WhiteElo "2525"]
[BlackElo "2430"]
[PlyCount "69"]
[EventDate "1979.03.24"]
[EventType "team-tourn"]
[EventRounds "3"]
[EventCountry "GEO"]
[SourceTitle "EXT 2009"]
[Source "ChessBase"]
[SourceDate "2008.11.26"]
[SourceVersion "1"]
[SourceVersionDate "2008.11.26"]
[SourceQuality "1"]

{27/15} 1. e4 c5 2. Nf3 e6 3. d3 d5 4. Nbd2 Nc6 5. g3 g6 6. Bg2 Bg7 7. O-O Nge7
8. Re1 O-O 9. e5 Qc7 10. Qe2 a5 11. h4 h6 12. Nf1 a4 13. a3 b5 14. N1h2 b4 15.
Bf4 Kh7 16. Ng4 Ng8 17. c4 bxc3 18. bxc3 Ba6 19. c4 dxc4 20. dxc4 Rab8 21. h5
Kh8 22. hxg6 fxg6 23. Nf6 Nge7 24. Rad1 Rbd8 25. Rd6 Bb7 26. Rxe6 Nd4 27. Nxd4
cxd4 28. Qd3 Bxg2 29. Kxg2 Rf7 30. Rh1 Nf5 31. g4 Qb7+ 32. Kg1 Ne3 33. Bxe3 Qf3
34. Qxg6 Bxf6 35. Rxh6+ 1-0

[Event "Tbilisi"]
[Site "Tbilisi"]
[Date "1980.??.??"]
[Round "?"]
[White "Dvoretzky, Mark"]
[Black "Schussler, Harry"]
[Result "1-0"]
[WhiteElo "2510"]
[BlackElo "2365"]
[PlyCount "47"]
[EventDate "1980.??.??"]
[EventType "tourn"]
[EventRounds "16"]
[EventCountry "URS"]
[EventCategory "9"]
[SourceTitle "EXT 2000"]
[Source "ChessBase"]
[SourceDate "1999.11.16"]
[SourceVersion "1"]
[SourceVersionDate "1999.11.16"]
[SourceQuality "1"]

1. e4 e5 2. Nf3 Nf6 3. Nxe5 d6 4. Nf3 Nxe4 5. d4 d5 6. Bd3 Be7 7. O-O Nd6 8.
Bf4 Bg4 9. Nbd2 O-O 10. Re1 Nd7 11. Nf1 Nf6 12. Ng3 Nh5 13. Nxh5 Bxh5 14. Re5
Bxf3 15. Qxf3 c6 16. Qg3 Bh4 17. Bxh7+ Kxh7 18. Rh5+ Kg8 19. Qh3 g5 20. g3 Qc8
21. Qxc8 Nxc8 22. Bd2 Ne7 23. gxh4 gxh4 24. Kh1 1-0

[Event "Match/City Moscow-Leningrad"]
[Site "Moscow"]
[Date "1984.11.07"]
[Round "1.4"]
[White "Dvoretzky, Mark"]
[Black "Aseev, Konstantin N"]
[Result "1-0"]
[WhiteElo "2510"]
[BlackElo "2390"]
[PlyCount "77"]
[EventDate "1984.11.07"]
[EventType "team-match"]
[EventRounds "2"]
[EventCountry "URS"]
[SourceTitle "EXT 2010"]
[Source "ChessBase"]
[SourceDate "2010.11.25"]
[SourceVersion "1"]
[SourceVersionDate "2010.11.25"]
[SourceQuality "1"]

1. d4 Nf6 2. Nf3 e6 3. Bg5 h6 4. Bxf6 Qxf6 5. e4 b6 6. Nbd2 Bb7 7. c3 g6 8. Bd3
Bg7 9. O-O (9. a4 {[%cal Ga4a5]}) 9... O-O 10. Qe2 Qe7 11. a4 c5 12. a5 $14
cxd4 13. a6 $1 Bc8 14. Nxd4 d6 {[%csl Gc6]} 15. Rfd1 Bd7 {[%cal Gb8c6]} 16. Bb5
$1 Rd8 17. N2f3 Bxb5 18. Qxb5 Qf8 19. Rd2 d5 20. Qe2 (20. e5 Nd7 21. Nc6 $16)
20... dxe4 21. Qxe4 Nd7 22. Rad1 $16 Nc5 23. Qe2 Qe8 (23... Rac8) 24. h4 e5 25.
Nb5 {[%csl Ra7]} Rxd2 (25... Nxa6 $2 26. Nd6 {[%cal Ge2a6,Gd6e8]}) 26. Rxd2 Qe7
27. h5 gxh5 28. Nd6 {[%cal Gd6f5]} Qe6 29. Ne4 Qg4 30. Nxc5 bxc5 31. Qb5 e4 32.
Nh2 Qg5 33. Nf1 Kh8 (33... h4 34. Qb7 {[%csl Ra7,Ra8]}) 34. Qc6 Rb8 35. Qxe4
Qg6 36. Qc4 Rb6 37. Rd7 Rxa6 38. Rxf7 Ra1 39. Rc7 {Perte au temps?} 1-0

[Event "World op 19th"]
[Site "Philadelphia"]
[Date "1991.??.??"]
[Round "7"]
[White "Dvoretzky, Mark"]
[Black "Southam, Todd"]
[Result "1-0"]
[WhiteElo "2465"]
[BlackElo "2320"]
[PlyCount "69"]
[EventDate "1991.07.??"]
[EventType "swiss"]
[EventRounds "9"]
[EventCountry "USA"]
[SourceTitle "EXT 2000"]
[Source "ChessBase"]
[SourceDate "1999.11.16"]
[SourceVersion "1"]
[SourceVersionDate "1999.11.16"]
[SourceQuality "1"]

1. e4 e5 2. Nf3 Nc6 3. Bb5 a6 4. Bxc6 dxc6 5. O-O f6 6. d4 Bg4 7. dxe5 Qxd1 8.
Rxd1 fxe5 9. Rd3 Bd6 10. Nbd2 b5 11. b4 Nf6 12. Bb2 Nd7 13. c4 Bxf3 14. Nxf3
bxc4 15. Rc3 Bxb4 16. Rxc4 Bd6 17. Rxc6 O-O 18. Nd2 Bc5 19. Rf1 Bb6 20. Nc4 Rf6
21. Nxb6 cxb6 22. Rc7 Rf7 23. f3 Re8 24. Rd1 Nc5 25. Rxf7 Kxf7 26. Rd5 Kf6 27.
Kf2 g5 28. Ke3 Re7 29. g3 Re6 30. f4 gxf4+ 31. gxf4 Kf7 32. f5 Rh6 33. Bxe5
Rh3+ 34. Bg3 h5 35. Rd6 1-0

[Event "Barbera del Valles op"]
[Site "Barbera del Valles"]
[Date "1996.??.??"]
[Round "1"]
[White "Pascual Arevalo, Antonio Ruben"]
[Black "Dvoretzky, Mark"]
[Result "0-1"]
[WhiteElo "2340"]
[BlackElo "2475"]
[PlyCount "78"]
[EventDate "1996.07.??"]
[EventType "swiss"]
[EventRounds "9"]
[EventCountry "ESP"]
[SourceTitle "EXT 1997"]
[Source "ChessBase"]
[SourceDate "1996.11.15"]
[SourceVersion "1"]
[SourceVersionDate "1996.11.15"]
[SourceQuality "1"]

1. Nf3 c5 2. c4 g6 3. g3 Bg7 4. Bg2 Nc6 5. Nc3 e5 6. d3 Nge7 7. O-O O-O 8. Ne1
a6 9. Nc2 Rb8 10. Ne3 b5 11. Ned5 d6 12. Rb1 Bg4 13. Nxe7+ Nxe7 14. Qc2 Qd7 15.
Nd5 Nxd5 16. Bxd5 Bh3 17. Re1 Be6 18. Bg2 f5 19. b3 f4 20. Bd2 Rbc8 21. a4 b4
22. Qd1 Qf7 23. Rf1 Kh8 24. Bf3 Bh3 25. Bg2 Qd7 26. Qe1 Be6 27. Qc1 g5 28. Bd5
Bh3 29. Bg2 Rf6 30. f3 h5 31. Rf2 Be6 32. e4 Rcf8 33. Qf1 Bh6 34. gxf4 gxf4 35.
Kh1 Rg6 36. Qe2 h4 37. h3 Rfg8 38. Rg1 Qg7 39. Be1 {[#]} Bxh3 0-1

[Event "Terrassa op"]
[Site "Terrassa"]
[Date "1996.??.??"]
[Round "9"]
[White "Dvoretzky, Mark"]
[Black "Izeta Txabarri, Felix"]
[Result "1-0"]
[WhiteElo "2475"]
[BlackElo "2525"]
[PlyCount "89"]
[EventDate "1996.07.??"]
[EventType "swiss"]
[EventRounds "9"]
[EventCountry "ESP"]
[SourceTitle "EXT 2002"]
[Source "ChessBase"]
[SourceDate "2001.11.25"]
[SourceVersion "1"]
[SourceVersionDate "2001.11.25"]
[SourceQuality "1"]

1. e4 c6 2. d4 d5 3. exd5 cxd5 4. c4 Nf6 5. Nc3 Nc6 6. Nf3 Bg4 7. cxd5 Nxd5 8.
Qb3 Bxf3 9. gxf3 Nb6 10. d5 Nd4 11. Bb5+ Nd7 12. Qa4 Nxb5 13. Qxb5 g6 14. O-O
Bg7 15. Re1 O-O 16. Bg5 Ne5 17. Re3 Re8 18. Bf4 Nd7 19. Qxb7 Nb6 20. Rd1 Rc8
21. d6 exd6 22. Rxd6 Qh4 23. Bg3 Qc4 24. Rc6 Qd4 25. Rxc8 Rxc8 26. Qxa7 Qb4 27.
Bc7 Bd4 28. Bxb6 Bxb6 29. Qb7 Qc5 30. Qe7 Qf5 31. Re2 Qxf3 32. Qe4 Qf6 33. h3
Rc5 34. Qe8+ Kg7 35. Ne4 Rg5+ 36. Nxg5 Qxg5+ 37. Kf1 Bd4 38. Qc8 Qd5 39. Rd2
Qb5+ 40. Ke1 Bxb2 41. Qc2 Bf6 42. a4 Qb7 43. Ke2 h5 44. Qc4 Qh1 45. Rd7 1-0

[Event "Hoogovens op-C"]
[Site "Wijk aan Zee"]
[Date "1999.??.??"]
[Round "2"]
[White "Dvoretzky, Mark"]
[Black "Bierenbroodspot, Paul"]
[Result "1-0"]
[WhiteElo "2475"]
[BlackElo "2305"]
[PlyCount "63"]
[EventDate "1999.01.??"]
[EventType "swiss"]
[EventRounds "9"]
[EventCountry "NED"]
[SourceTitle "EXT 2000"]
[Source "ChessBase"]
[SourceDate "1999.11.16"]
[SourceVersion "1"]
[SourceVersionDate "1999.11.16"]
[SourceQuality "1"]

1. e4 d5 2. exd5 Nf6 3. c4 e6 4. d4 exd5 5. Nc3 Bb4 6. Bd3 O-O 7. Nge2 c5 8.
O-O Nc6 9. Bg5 Bxc3 10. bxc3 dxc4 11. Bxc4 cxd4 12. Nxd4 Nxd4 13. cxd4 Qd6 14.
Re1 Bg4 15. f3 Bf5 16. Qd2 Rfe8 17. Bb3 Nd5 18. Rxe8+ Rxe8 19. Qa5 Be6 20. Qxa7
Nb6 21. Re1 Qxd4+ 22. Be3 Qb4 23. Bf2 Nc4 24. Qd4 b5 25. Re5 Qa3 26. Rxb5 Nd6
27. Re5 Nf5 28. Qc5 Qb2 29. h3 h5 30. Qb5 Rd8 31. Rxe6 Rd2 32. Re8+ 1-0